| 000 | 01171cam a2200313 a 4500 | ||
|---|---|---|---|
| 001 | 4523012 | ||
| 003 | OSt | ||
| 005 | 20140310182731.0 | ||
| 008 | 990219s1999 caua 001 0 eng | ||
| 010 | _a 99061303 | ||
| 020 | _a0782124690 | ||
| 040 |
_aDLC _cDLC _dDLC |
||
| 050 | 0 | 0 |
_aQA 76.73.B3 _bV5674 1999 |
| 245 | 0 | 0 |
_aVisual Basic 6 complete / _c[Steve Brown ... et al.]. |
| 260 |
_aSan Francisco : _bSybex, _c1999. |
||
| 300 |
_a1011 p. : _bill. ; _c21 cm. |
||
| 500 | _aIncludes index. | ||
| 521 | _aIT | ||
| 630 | 0 | 0 | _aMicrosoft Visual BASIC. |
| 650 | 0 | _aBASIC (Computer program language) | |
| 700 | 1 | _aBrown, Steve. | |
| 856 | 4 | 2 |
_3Contributor biographical information _uhttp://www.loc.gov/catdir/enhancements/fy0607/99061303-b.html |
| 856 | 4 | 2 |
_3Publisher description _uhttp://www.loc.gov/catdir/enhancements/fy0607/99061303-d.html |
| 856 | 4 | 1 |
_3Table of contents only _uhttp://www.loc.gov/catdir/enhancements/fy0607/99061303-t.html |
| 906 |
_a7 _bcbc _corignew _d2 _eopcn _f19 _gy-gencatlg |
||
| 942 |
_2lcc _cBK _kFOR |
||
| 999 |
_c15456 _d15456 |
||